Statistics for Animals around the world

Click here to take the quiz!

General Stats

  • This quiz has been taken 64 times
  • The average score is 9 of 12

Answer Stats

QuestionTileSelect% Correct
BritishKoalaNo
91%
Australian AnimalsKoalaYes
91%
AmericanKoalaNo
89%
BritishArmadilloNo
80%
Australian AnimalsGoatNo
78%
BritishPigYes
76%
Australian AnimalsPigNo
73%
BritishGoatYes
71%
Australian AnimalsArmadilloNo
67%
AmericanGoatYes
67%
AmericanArmadilloYes
56%
AmericanPigYes
56%

Score Distribution

Percentile by Number Answered

Percent of People with Each Score

Your Score History

You have not taken this quiz